Statistics for Map Quiz of Europe in 1812

Click here to take the quiz!

General Stats

  • This quiz has been taken 1,452 times
  • The average score is 19 of 27

Answers on the Map

Answers color-coded by a green-red scale on the quiz's map according to % correct below.
 

Answer Stats

Political statusAnswer% Correct
France
99%
Russia
98%
French Client stateSpain
97%
United Kingdom
97%
Portugal
96%
Sweden
96%
Ally of France by 1812Denmark
95%
Ottoman Empire
95%
Ally of France by 1812Austria
93%
Ally of France by 1812Prussia
93%
French Client stateSwitzerland
91%
Sicily
84%
French Client stateNaples
77%
French Client stateItaly
76%
Sardinia
73%
Vassal of the OttomansMoldavia
72%
Vassal of the OttomansWallachia
69%
French Client stateConfederation of the Rhine
58%
Montenegro
54%
French Client stateRepublic of Danzig
54%
French Client stateDuchy of Warsaw
53%
French Client stateSan Marino
52%
French Client stateAndorra
51%
French Client stateLucca
24%
French Client stateNeuchatel
12%
French Client statePrincipauty of Erfurt
7%
French Client stateBenevento
6%

Score Distribution

Percentile by Number Answered

Percent of People with Each Score

Your Score History

You have not taken this quiz